00490nam a2200169Ia 4500100001600000650001600016942000700032366000700039654001000046245001900056260003900075082001700114300000800131546001200139999001700151952015200168 aEVANS MIKE  aPHILOPSOPHY cBK f25 aEXAMS aEXAMS ARE EASY bBETTER YOURSELF BOOKaBandrac2002 a170/EVAbEVA a101 aENGLISH c35610d35610 001040708CRCaCRCEbCRCEd2023-03-17eBetter Yourself Booksg15.00i1028/DT.04/09/2007l0o170/EVA EVAp17819r2023-03-17v40.00w0000-00-00yBK